| 000 | 01087cam a22003375i 4500 | ||
|---|---|---|---|
| 999 |
_c28471 _d28442 |
||
| 001 | 018480348 | ||
| 003 | EG-ScBUE | ||
| 005 | 20200805150623.0 | ||
| 008 | 170822t20142014enk f b 001 0 eng d | ||
| 020 | _z9781292021713 | ||
| 020 | _z1292021713 | ||
| 040 |
_aUk _beng _erda _cUk _dEG-ScBUE |
||
| 082 | 0 | 4 |
_a155.2 _bCAR _222 |
| 100 | 1 |
_aCarver, Charles S., _eauthor. _931491 |
|
| 245 | 1 | 0 |
_aPerspectives on personality / _cCharles S. Carver, Michael F. Scheier. |
| 250 | _aSeventh edition. | ||
| 250 | _aPearson new international edition. | ||
| 264 | 1 |
_aHarlow, United Kingdom : _bPearson Education Limited, _c[2014] |
|
| 264 | 4 | _cc2014 | |
| 300 |
_aii, 434 pages : _billustrations ; _c28 cm. |
||
| 336 |
_atext _btxt _2rdacontent |
||
| 337 |
_aunmediated _bn _2rdamedia |
||
| 338 |
_avolume _bnc _2rdacarrier |
||
| 490 | 0 | _aPearson custom library | |
| 504 | _aIncludes bibliographical references and index. | ||
| 650 | 7 |
_aPersonality. _2BUEsh |
|
| 653 |
_bCOMAME _cJuly2020 |
||
| 655 |
_vReading book _934232 |
||
| 700 | 1 |
_aScheier, Michael, _eauthor. _941506 |
|
| 942 |
_2ddc _cBB |
||